00000000nam 2200000zi 4500
0019.945679
003CaOODSP
00520241127145954
006m     o  d f      
007cr mn|||||||||
008241127t19971997oncab   o    f000 0 eng d
020 |z0660168723
040 |aCaOODSP|beng|erda|cCaOODSP
043 |an-cn---
0861 |aX9-11/1997E-PDF|zX9-11/1997E
1001 |aForsey, Eugene A. |q(Eugene Alfred), |d1904-1991 |eauthor.
24510|aHow Canadians govern themselves / |cEugene A. Forsey.
250 |a4th edition.
264 1|aOttawa, Ontario : |bLibrary of Parliament, |c[1997]
264 4|c©1997
300 |a1 online resource (vi, 50 pages) : |billustrations, map
336 |atext|btxt|2rdacontent
337 |acomputer|bc|2rdamedia
338 |aonline resource|bcr|2rdacarrier
500 |aDigitized edition from print [produced by Government of Canada Publications Directorate].
500 |aIssued also in French under title: Les Canadiens et leur système de gouvernement.
61010|aCanada. |bParliament.
650 0|aCabinet system|zCanada.
650 0|aFederal government|zCanada.
651 0|aCanada|xPolitics and government.
7101 |aCanada. |bLibrary of Parliament, |eissuing body.
77508|tLes Canadiens et leur système de gouvernement / |w(CaOODSP)9.945680
85640|qPDF|s39.0 MB|uhttps://publications.gc.ca/collections/collection_2024/bdp-lop/X9-11-1997-eng.pdf
986 |aE400 (05/97)